000 00647nam a2200181Ia 4500
008 090124s9999 xx 000 0 und d
082 _b28350
_a3191
100 _aसामंत बाळ
245 _a आधुनिक महाराष्ट्राचे शिल्पकार
250 _a1
260 _c1995
300 _a149
600 _aसामंत बाळ
630 _a आधुनिक महाराष्ट्राचे शिल्पकार
700 _aसामंत बाळ
730 _a आधुनिक महाराष्ट्राचे शिल्पकार
942 _cBOOK
999 _c141812
_d141812